| 000 | 00830nam a22002537a 4500 | ||
|---|---|---|---|
| 005 | 20250127101807.0 | ||
| 008 | 250127b |||||||| |||| 00| 0 eng d | ||
| 020 | _a978-1-319-54517-8 (pbk) | ||
| 037 | _cTB | ||
| 040 |
_aCRL _cCRL |
||
| 041 |
_2eng _aeng |
||
| 084 |
_aS R4 _qCRL |
||
| 100 |
_aSchacter, Daniel L. _9734820 |
||
| 245 | _aIntroducing psychology | ||
| 250 | _a6th Ed. | ||
| 260 |
_aNew York, USA: _bWorth Publishers, _c2024 |
||
| 300 | _axxxvii, 449p. | ||
| 365 |
_b65.99 _cUKP |
||
| 650 |
_aPsychology _9734821 |
||
| 653 | _aPsychology | ||
| 700 |
_aDaniel T. Gilbert (Author) _9734822 |
||
| 942 |
_2CC _cTB _e6th Ed. _hS R4 _n0 |
||
| 999 |
_c1238259 _d1238259 |
||